Clubs des premières divisions européennes - FOOTBALL. - Statistiques

Statistiques générales
  • Ce quiz a été pris 1 789 fois
  • Le résultat moyen est 52 sur 98
Statistiques - réponses
Clubs % Correct
Olympique lyonnais
98%
Manchester City
97%
Manchester United
96%
Olympique de Marseille
95%
Paris Saint-Germain
94%
Liverpool FC
92%
West Ham United
92%
Arsenal FC
90%
Chelsea FC
90%
Bayer Leverkusen
89%
FC Barcelone
89%
Borussia Dortmund
88%
Real Madrid
88%
Inter Milan
85%
Juventus FC
85%
Lille OSC
85%
AC Milan
83%
Atlético de Madrid
82%
Bayern Munich
82%
Stade rennais FC
82%
AS Monaco
81%
FC Nantes
81%
OGC Nice
81%
Girondins de Bordeaux
79%
RC Lens
78%
Tottenham Hotspur
78%
AS Saint-Étienne
77%
Séville FC
77%
AS Rome
73%
RC Strasbourg Alsace
73%
SSC Naples
70%
Montpellier HSC
69%
Stade brestois 29
66%
RB Leipzig
65%
SS Lazio
65%
Valence CF
64%
Aston Villa
62%
Stade de Reims
62%
Angers SCO
61%
Everton FC
61%
Real Betis
61%
FC Metz
60%
Leicester City
60%
Athletic Bilbao
59%
FC Lorient
58%
Hertha Berlin
56%
Real Sociedad
56%
Newcastle United
55%
Villarreal CF
54%
1. FC Union Berlin
52%
Atalanta Bergame
48%
ACF Fiorentina
47%
Brighton & Hove Albion
47%
Schalke 04
47%
Leeds United
46%
Dijon FCO
45%
Nîmes Olympique
43%
Wolverhampton Wanderers
43%
Crystal Palace
42%
Eintracht Francfort
41%
Torino FC
41%
Fulham FC
38%
Southampton FC
38%
VfL Wolfsburg
38%
US Sassuolo
37%
Borussia Mönchengladbach
36%
1. FC Cologne
35%
Burnley FC
34%
UC Sampdoria
34%
Werder Brême
34%
Genoa CFC
33%
Getafe CF
33%
Udinese Calcio
33%
Bologne FC
28%
Parme Calcio
27%
1. FSV Mayence 05
26%
Celta de Vigo
26%
Hellas Vérone
26%
SC Fribourg
26%
TSG Hoffenheim
25%
Cagliari Calcio
22%
CA Osasuna
22%
Levante UD
22%
Sheffield United
22%
Grenade CF
21%
Real Valladolid
21%
SD Eibar
19%
Cadix CF
18%
Deportivo Alavés
18%
Elche CF
18%
VfB Stuttgart
16%
FC Augsbourg
14%
Spezia Calcio
12%
West Bromwich Albion
11%
Bénévent Calcio
9%
FC Crotone
6%
SD Huesca
6%
Arminia Bielefeld
5%
Aucun quiz correspondant
Distribution des résultats
% des personnes avec chaque résultat
Percentile par nombre de réponses
Votre historique - résultats
Vous n’avez pas pris ce quiz